01521nam a22002537a 4500003000900000008004100009040007100050082002500121110005500146245006800201260003200269300002900301440006600330505061200396650003001008650001101038650002701049650002101076700002401097700003101121700002701152700003301179710005501212AR-CdUCM190425b ||||| |||| 00| 0 spa d aMUNICIPALIDAD PROVINCIAL DEL CUSCOcBIBLIOTECA MUNICIPAL DEL CUSCO aRev.Univ/N°119/1960 aUniversidad Nacional de San Antonio Abad del Cusco aRevista Universitaria :bÓrgano de la Universidad del Cuzco / aCusco :bH.G. Rozas,c1960. a408 páginas. :c20 cm. aRevista UniversitarianAño XLIX, 2° semestre 1960, N°119. aContenido: Homenaje a Alberto Giesecke. -- Números índices mensuales de artículos de primera necesidad para la provincia del Cuzco. Gustavo Núeñez del Prado. -- Un comentario de la realidad penitenciaria del Perú y la necesidad de crear nuevos establecimientos penales. Ricardo Angulo Monge. -- Fenomenología de la creación poética. José Armando Tamayo. -- El proyecto de antropología aplicada del Cuzco. Eduardo Marmanillo. -- Un mapa regional en litoescultura. Emilio Harth Terre. -- Extracto y versión paleográfica del segundo libro del cabildo. Jesús Manuel Covarrubias Pozo. aAntropología cusqueña aPucara aLibro de Cabildo Cusco aAlberto Giesecke aHarth Terre, Emilio aNúñez del Prado, Oscar aTamayo Herrera, José aNúñez del Prado, Gustavo aUniversidad Nacional de San Antonio Abad del Cusco